Mastering Windows Vista business : ultimate, business, and enterprise

Learn to install, configure, run, and troubleshoot the professional versions of Vista in this comprehensive new guide from two leading Windows authorities. From Vista's all-new interface, 32-bit/64-bit architecture, and advanced security features to its fantastic new capabilities for audio and...

وصف كامل

محفوظ في:
التفاصيل البيبلوغرافية
المؤلف الرئيسي: Minasi, Mark
التنسيق: كتاب
اللغة:Undetermined
منشور في: Indianapolis, Ind. Wiley Pub. 2007
الموضوعات:
الوسوم: إضافة وسم
لا توجد وسوم, كن أول من يضع وسما على هذه التسجيلة!
Thư viện lưu trữ: Trung tâm Học liệu Trường Đại học Cần Thơ
LEADER 01119nam a2200217Ia 4500
001 CTU_164196
008 210402s9999 xx 000 0 und d
020 |c 32.99 
082 |a 005.446 
082 |b M663 
100 |a Minasi, Mark 
245 0 |a Mastering Windows Vista business : 
245 0 |b ultimate, business, and enterprise 
245 0 |c Mark Minasi, John P Mueller. 
260 |a Indianapolis, Ind. 
260 |b Wiley Pub. 
260 |c 2007 
520 |a Learn to install, configure, run, and troubleshoot the professional versions of Vista in this comprehensive new guide from two leading Windows authorities. From Vista's all-new interface, 32-bit/64-bit architecture, and advanced security features to its fantastic new capabilities for audio and video recording, editing, and broadcasting, you’ll get the techniques and task-by-task instruction you need to master this dramatically different OS. 
650 |a Operating systems (Computers),Computer networks,Hệ điều hành (Máy tính),Mạng máy tính 
904 |i Năm 
980 |a Trung tâm Học liệu Trường Đại học Cần Thơ